Political Theory: Principles of Political Science (Record no. 1212384)

MARC details
000 -LEADER
fixed length control field 00596nam a22002177a 4500
003 - CONTROL NUMBER IDENTIFIER
control field OSt
005 - DATE AND TIME OF LATEST TRANSACTION
control field 20250817135411.0
008 - FIXED-LENGTH DATA ELEMENTS--GENERAL INFORMATION
fixed length control field 250817b |||||||| |||| 00| 0 eng d
020 ## - INTERNATIONAL STANDARD BOOK NUMBER
International Standard Book Number 9788121903691
037 ## - SOURCE OF ACQUISITION
Stock number 6218
Source of stock number/acquisition Bharati Madhyavarti Sahakari Grahak Bhandar Pune
040 ## - CATALOGING SOURCE
Transcribing agency NLK
041 ## - LANGUAGE CODE
Language code of text/sound track or separate title English
082 ## - DEWEY DECIMAL CLASSIFICATION NUMBER
Classification number 320.01
Item number MAH
100 ## - MAIN ENTRY--PERSONAL NAME
Personal name Mahajan V D
245 ## - TITLE STATEMENT
Title Political Theory: Principles of Political Science
Statement of responsibility, etc. Mahajan V D
250 ## - EDITION STATEMENT
Edition statement 5th
260 ## - PUBLICATION, DISTRIBUTION, ETC.
Place of publication, distribution, etc. New Delhi
Name of publisher, distributor, etc. S Chand and Company
Date of publication, distribution, etc. 2024
300 ## - PHYSICAL DESCRIPTION
Extent xii; 825
650 ## - SUBJECT ADDED ENTRY--TOPICAL TERM
Topical term or geographic name entry element Political Science
942 ## - ADDED ENTRY ELEMENTS (KOHA)
Source of classification or shelving scheme Dewey Decimal Classification
Koha item type Textbook
Suppress in OPAC No

No items available.